| 000 | 00948nam a2200205 a 4500 | ||
|---|---|---|---|
| 001 | 000903069 | ||
| 003 | AM-YeHGA | ||
| 005 | 20250617161314.0 | ||
| 008 | 120628s1944 ru r 000 0 rus d | ||
| 040 | _aAM-YeHGA | ||
| 041 | 0 | _arus | |
| 100 | 1 | _aЭдельштейн, В.И. | |
| 245 | 1 | 0 |
_aОвощеводство : _bУчебное пособие для плодоовощных факультетов сельскохозяйственных вузов / _cВ.И. Эдельштейн. |
| 260 |
_aМосква : _bОгиз-Сельхозгиз, _c1944. |
||
| 300 |
_a376 с. : _bрис., табл. ; _c25 см. |
||
| 440 | 0 | _aУчебники и учебные пособия для сельскохозяйственных вузов | |
| 504 | _aБиблиогр. в подстроч. примеч. | ||
| 650 | 1 | 4 | _aОвощеводство, декоративное садоводство и цветоводство |
| 090 | _c472312 | ||
| 999 |
_c469068 _d469068 |
||